مصرى فى الصين الشعبية
محفوظ في:
المؤلف الرئيسي:
التنسيق: كتاب
اللغة: Undetermined
منشور في:
Cairo
matbaeat jaridat alsabah
الوسوم: إضافة وسم
لا توجد وسوم, كن أول من يضع وسما على هذه التسجيلة!
رقم الطلب: C30 ABU-ALMAJ
| LEADER | 00361nam a2200121Ia 4500 | ||
|---|---|---|---|
| 008 | 240404s9999||||xx |||||||||||||| ||und|| | ||
| 050 | 4 | |a C30 ABU-ALMAJ | |
| 100 | 1 | |a صبرى أبوالمجد. | |
| 245 | 1 | 0 | |a مصرى فى الصين الشعبية |c صبرى أبوالمجد |
| 264 | 1 | |a Cairo |b matbaeat jaridat alsabah | |
| 300 | |a 112 |c 16 | ||
| 942 | |2 lcc |c BK | ||
| 999 | |c 57994 |d 57994 | ||
